00571nam a2200157Ia 4500001000700000008004100007082001400048100002100062245012800083260005200211300001100263440003400274500000500308503001100313650008900324Z_5049220601s9999 xx 000 0 und d a633.2 S54 aSleper, D. A. ed aContributions from breeding forage and turf grasses / por D. A. Sleper, K. H. Asay and J. F. PedersenPedersen, J. F. ed aMadison, Wis. : Crop Science Society of America a122 p. aCSSA Special publication ; 15 a a180371 a1. Pastos forrajeros 2. Pastos - Mejoramiento I. Asay, K. H. II. Pedersen, J. F.Ì